000
003390000a22001570004500
003
MACL
040
_a
MACL
090
_c
32888
_d
32886
100
_a
Agarwal, P K
245
_a
Test of Verbal Reasoning
260
_b
Asian Books Private Ltd
_c
2002
350
_a
175
650
_a
Logic
942
_c
BOOK
_k
160/AGA
951
_o
160/AGA BOOK
999
_c
32551
_d
32551